Images of Korea
Đã lưu trong:
| 格式: | CD |
|---|---|
| 语言: | Korean |
| 出版: |
Seoul :
Ministry of Culture and Tourism, Republic of Korea,
200?
|
| 标签: |
添加标签
没有标签, 成为第一个标记此记录!
|
| Thư viện lưu trữ: | Thư viện Trường Đại học Đà Lạt |
|---|
| LEADER | 00611nam a2200253 4500 | ||
|---|---|---|---|
| 001 | DLU080063644 | ||
| 005 | ##20081028 | ||
| 040 | # | # | |a DLU |b eng |
| 041 | # | # | |a kor |
| 044 | # | # | |a kr |
| 082 | # | # | |a 915.19 |b Ima |
| 245 | # | # | |a Images of Korea |h [CD-ROM] |
| 256 | # | # | |a 4 3/4 in. |
| 260 | # | # | |a Seoul : |b Ministry of Culture and Tourism, Republic of Korea, |c 200? |
| 300 | # | # | |a 1 CD-ROM, 1 DVD-ROM ; |c 4 3/4 in + |e 1 booklet. |
| 992 | # | # | |a 0 |
| 994 | # | # | |a DLU |
| 900 | # | # | |a True |
| 911 | # | # | |a Nguyễn Thanh Hương |
| 925 | # | # | |a CD |
| 926 | # | # | |a A |
| 927 | # | # | |a CD |
| 980 | # | # | |a Thư viện Trường Đại học Đà Lạt |